| 000 | 00696cab a2200217 4500 | ||
|---|---|---|---|
| 001 | WB3017-04 | ||
| 008 | 090401t1994 xxu||||| |||| 00| 0 eng d | ||
| 035 | _a(Sirsi) u41717 | ||
| 041 | _aeng | ||
| 245 | _aNewham mystery illness | ||
| 260 | _c1994 | ||
| 350 | _a0 | ||
| 490 |
_aNew Builder _v(214) 29 April 1994, 5(1) |
||
| 520 | _aA mystery over the cause of an illness that has hospitalised staff at an east London children`s centre has led to the BRE being called in to investigate. | ||
| 650 | _aBUILDING RELATED ILLNESS | ||
| 650 | _aCONTAMINATED SITE | ||
| 650 | _aSICK BUILDING SYNDROME | ||
| 690 | _aBUILT ENVIRONMENT-BUILDING STANDARDS | ||
| 942 | _n0 | ||
| 948 | _c04/03/1997 | ||
| 999 |
_c26777 _d26777 |
||